Szczegóły MARC21

Mein Herz : ein Liebesroman mit Bildern und wirklich lebenden Menschen /

003 -Nazwa inst., której nr kontr. jest w polu 001 [,]
    • @
    • Nazwa instytucji, której n kontrolny jest w polu 001
    • NUKAT
005 -DATA I CZAS OSTATNIEJ MODYFIKACJI [,]
    • @
    • pole kontrolne
    • 20241231115356.0
020 -Międzynarod. znormalizowany nr książki - ISBN [ , ]
    • a
    • Numer ISBN
    • 3423106425 Find
040 -Instytucja sporządzająca opis [ , ]
    • a
    • Instytucja, która sporządziła opis (NP)
    • WA U/70AO
    • c
    • Instytucja, która sporządziła rekord (NP)
    • WA U/AO
    • d
    • Instytucja, która zmodyfikowała rekord (P)
    • WA U/MST
942 -Rodzaj dokumentu [ , ]
    • c
    • Rodzaj dokumentu
    • Książka
100 -Hasło główne - nazwa osobowa [1, ]
    • a
    • Nazwa osobowa (NP)
    • Lasker-Schüler, Else
    • d
    • Daty biograficzne (NP)
    • (1869-1945).
    • 9
    • KHW
    • 242078
245 -Strefa tytułu i oznaczenia odpowiedzialności [1,0]
    • a
    • Tytuł
    • Mein Herz : Find
    • b
    • Ciąg dalszy tytułu (NP)
    • ein Liebesroman mit Bildern und wirklich lebenden Menschen / Find
    • c
    • Pozostałe elementy strefy tytułu i oznaczenia odpowiedzialności (NP)
    • Else Lasker-Schüler.
250 -Strefa wydania [ , ]
    • a
    • Oznaczenie wydania (NP)
    • Ungek. Ausg.
260 -Strefa adresu wydawniczego [ , ]
    • a
    • Miejsce wydania (P)
    • München :
    • b
    • Nazwa wydawcy (P)
    • Dtv,
    • c
    • Data wydania (P)
    • 1986.
300 -Strefa opisu fizycznego [ , ]
    • a
    • Określenie formy książki i/lub objętość (NP)
    • 105, [1] s. ;
    • c
    • Format (NP)
    • 18 cm.
336 -Typ zawartości [ , ]
    • a
    • Termin opisujący typ zawartości
    • Tekst
    • b
    • Kod określający zawartość
    • txt
    • 2
    • Źródło (terminu i kodu)
    • rdacontent
337 -Typ mediów [ , ]
    • a
    • Tryb odtwarzania
    • Bez urządzenia pośredniczącego
    • b
    • Kod typu mediów
    • n
    • 2
    • Źródło (terminu i kodu)
    • rdamedia
338 -Typ/rodzaj nośnika [ , ]
    • a
    • Hasło opisujące typ nośnika
    • Wolumin
    • b
    • Kod typu nośnika
    • nc
    • 2
    • Źródło (terminu i kodu)
    • rdacarrier
490 -Strefa serii i książki wielotomowej - forma nie do wyszukiwania [1, ]
    • a
    • Tytuł (P)
    • Dtv ; Find
    • v
    • Numeracja (P)
    • 10642
490 -Strefa serii i książki wielotomowej - forma nie do wyszukiwania [1, ]
    • a
    • Tytuł (P)
    • Gesammelte Werke in acht Bänden / Else Lasker-Schüler ; Find
    • v
    • Numeracja (P)
    • [2]
830 -Hasło dodatkowe serii i opisu książki wielotomowej - tytuł ujednolicony/tytuł [ ,0]
    • a
    • Tytuł ujednolicony/tytuł (NP)
    • Dtv
    • x
    • ISSN
    • 0416-5675
    • v
    • Oznaczenie tomu (NP)
    • 10642
    • 9
    • KHW
    • 60375
800 -Hasło dodatkowe opisu książki wielotomowej - nazwa osobowa [1, ]
    • a
    • Nazwa osobowa (NP)
    • Lasker-Schüler, Else
    • d
    • Daty biograficzne (NP)
    • (1869-1945).
    • t
    • Tytuł ujednolicony/tytuł (NP)
    • Gesammelte Werke in acht Bänden
    • v
    • Oznaczenie tomu (NP)
    • [2]
    • 9
    • KHW
    • 414544
920 -ISBN [ , ]
    • a
    • ISBN
    • 3-423-10642-5 Find
Sygnatura Numer inwentarzowy Status udost. Lokalizacja
Germ. Literatura niemieckaG.4178-3BM